000 01715cam a2200421 a 4500
999 _c234251
_d234251
001 14653363
003 Nust
005 20170316152255.0
008 061201s2007 nyu 000 1 eng
010 _a 2006039728
020 _a9780755330379
035 _a(OCoLC)ocm76871458
035 _a(OCoLC)76871458
040 _aDLC
_cDLC
_dYDX
_dBAKER
_dBTCTA
_dWIQ
_dJQF
_dVP@
_dJAG
_dYDXCP
_dIXA
_dDLC
043 _an-us-ca
050 0 0 _aPS3566.A822
_bA6156 2007
082 0 0 _a813.54
_bPAT
100 1 _aPatterson, James,
_d1947-
245 1 4 _aThe 6th target :
_ba novel /
_cby James Patterson and Maxine Paetro.
246 3 _aSixth target
250 _a1st ed.
260 _aNew York :
_bLittle, Brown,
_c2007.
300 _a434 p. ;
_c25 cm.
650 0 _aWomen detectives
_zCalifornia
_zSan Francisco
_vFiction.
650 0 _aWomen in the professions
_vFiction.
650 0 _aFemale friendship
_vFiction.
650 0 _aMurderers
_vFiction.
650 0 _aMentally ill offenders
_vFiction.
650 0 _aKidnapping
_vFiction.
651 0 _aSan Francisco (Calif.)
_vFiction.
655 7 _aMystery fiction.
_2gsafd
655 7 _aSuspense fiction.
_2gsafd
700 1 _aPaetro, Maxine.
856 4 2 _3Publisher description
_uhttp://www.loc.gov/catdir/enhancements/fy0653/2006039728-d.html
856 4 2 _3Contributor biographical information
_uhttp://www.loc.gov/catdir/enhancements/fy0742/2006039728-b.html
906 _a7
_bcbc
_corignew
_d1
_eecip
_f20
_gy-gencatlg
942 _2ddc
_cBK